000
00301nam a2200121 4500
005
20260530113908.0
245
1
0
_a
Taller Creativo / CarpinterĂa
264
1
_b
Editora Cinco
_c
2007
300
_a
50 páginas
336
_a
texto
_2
rdacontent
337
_a
sin medio
_2
rdamedia
338
_a
volumen
_2
rdacarrier
999
_c
12045
_d
12045